Cachinhos dourados (Record no. 48737)

MARC details
000 -LÍDER
campo de controle de tamanho fixo 00304 a2200133 4500
001 - NÚMERO DE CONTROLE
campo de controle 48737
020 ## - ISBN - INTERNATIONAL STANDARD BOOK NUMBER
ISBN - International Standard Book Number 85-7520-055-0
040 ## - FONTE DA CATALOGAÇÃO
Instituição que transcreveu o registro Anchieta - Bela Vista
240 10 - TÍTULO UNIFORME
Título uniforme Cachinhos dourados
Idioma da obra por
245 10 - TÍTULO
Título Cachinhos dourados
440 #1 - DECLARAÇÃO DE SÉRIE/ENTRADA ADICIONADA--TÍTULO
Título Ciranda Cultural
650 #4 - ASSUNTO--TERMO TÓPICO
Cabeçalho tópico ou nome geográfico Literatura infantil
942 ## - ELEMENTOS DE ENTRADA ADICIONADOS (KOHA)
Tipo de material Koha Livros
Holdings
Situação do descarte Situação das perdas Situação física Não pode ser emprestado Biblioteca de origem Biblioteca atual Data de aquisição Total de empréstimos Número de chamada completo Código de barras Data de último acesso Data do último empréstimo Data do preço efetivo Tipo de material Koha
        Colégio Anchieta - Bela Vista Colégio Anchieta - Bela Vista 21/11/2023   LI 028.5 C119C CAC 913/BEL 21/11/2023   21/11/2023 Livros
        Colégio Anchieta - Bela Vista Colégio Anchieta - Bela Vista 21/11/2023   LI 028.5 C119C CAC 914/BEL 21/11/2023   21/11/2023 Livros
        Colégio Anchieta - Bela Vista Inspira 21/11/2023 1 LI 028.5 C119C CAC 912/BEL 21/11/2023 21/11/2023 21/11/2023 Livros